<?xml version="1.0" encoding="UTF-8"?>
<record
    xmlns:xsi="http://www.w3.org/2001/XMLSchema-instance"
    xsi:schemaLocation="http://www.loc.gov/MARC21/slim http://www.loc.gov/standards/marcxml/schema/MARC21slim.xsd"
    xmlns="http://www.loc.gov/MARC21/slim">

  <leader>00749nac a22001691u 4500</leader>
  <controlfield tag="008">080818s        ua|||||r|||| 000 0 ara d</controlfield>
  <datafield tag="020" ind1=" " ind2=" ">
    <subfield code="a">9777239602 </subfield>
  </datafield>
  <datafield tag="020" ind1=" " ind2=" ">
    <subfield code="a">9777239599 </subfield>
  </datafield>
  <datafield tag="082" ind1=" " ind2=" ">
    <subfield code="a">229</subfield>
    <subfield code="b">&#x632;&#x631;&#x642; </subfield>
  </datafield>
  <datafield tag="245" ind1=" " ind2=" ">
    <subfield code="a">&#x645;&#x646;&#x627;&#x647;&#x644; &#x627;&#x644;&#x639;&#x631;&#x641;&#x627;&#x646; &#x641;&#x64A; &#x639;&#x644;&#x648;&#x645; &#x627;&#x644;&#x642;&#x631;&#x622;&#x646; :</subfield>
    <subfield code="b">&#x637;&#x628;&#x642; &#x645;&#x627; &#x642;&#x631;&#x631;&#x647; &#x645;&#x62C;&#x644;&#x633; &#x627;&#x644;&#x623;&#x632;&#x647;&#x631; &#x627;&#x644;&#x627;&#x639;&#x644;&#x64A; &#x641;&#x64A; &#x62F;&#x631;&#x627;&#x633;&#x629; &#x62A;&#x62E;&#x635;&#x635; &#x627;&#x644;&#x643;&#x644;&#x64A;&#x627;&#x62A; &#x627;&#x644;&#x623;&#x632;&#x647;&#x631;&#x64A;&#x629; /</subfield>
    <subfield code="c">&#x645;&#x62D;&#x645;&#x62F; &#x639;&#x628;&#x62F; &#x627;&#x644;&#x639;&#x638;&#x64A;&#x645; &#x627;&#x644;&#x632;&#x631;&#x642;&#x627;&#x646;&#x64A; </subfield>
  </datafield>
  <datafield tag="260" ind1=" " ind2=" ">
    <subfield code="a">{&#x627;&#x644;&#x642;&#x627;&#x647;&#x631;&#x629; &#x61F;}</subfield>
    <subfield code="b">&#x645;&#x637;&#x628;&#x639;&#x629; &#x639;&#x64A;&#x633;&#x649; &#x627;&#x644;&#x628;&#x627;&#x628;&#x64A; &#x627;&#x644;&#x62D;&#x644;&#x628;&#x64A; &#x648;&#x634;&#x631;&#x643;&#x627;&#x647;</subfield>
    <subfield code="c">(19&#x61F;&#x61F;)</subfield>
  </datafield>
  <datafield tag="300" ind1=" " ind2=" ">
    <subfield code="a">2 &#x645;&#x62C; &#x61B;</subfield>
    <subfield code="c">24 &#x633;&#x645;.</subfield>
  </datafield>
  <datafield tag="511" ind1=" " ind2=" ">
    <subfield code="a">Catalogued by: Sara</subfield>
  </datafield>
  <datafield tag="541" ind1=" " ind2=" ">
    <subfield code="a">&#x623;&#x644;&#x641; &#x628;&#x627;&#x621; ;</subfield>
    <subfield code="c">&#x634;&#x631;&#x627;&#x621; ;</subfield>
  </datafield>
  <datafield tag="650" ind1=" " ind2=" ">
    <subfield code="9">13683</subfield>
    <subfield code="a">&#x627;&#x644;&#x642;&#x631;&#x622;&#x646;&#x60C; &#x645;&#x628;&#x627;&#x62D;&#x62B; &#x639;&#x627;&#x645;&#x629;</subfield>
  </datafield>
  <datafield tag="942" ind1=" " ind2=" ">
    <subfield code="c">BB</subfield>
    <subfield code="k">229 &#x632; &#x631; &#x642;</subfield>
    <subfield code="2">ddc</subfield>
  </datafield>
  <datafield tag="999" ind1=" " ind2=" ">
    <subfield code="c">7391</subfield>
    <subfield code="d">7391</subfield>
  </datafield>
  <datafield tag="952" ind1=" " ind2=" ">
    <subfield code="0">0</subfield>
    <subfield code="1">0</subfield>
    <subfield code="2">ddc</subfield>
    <subfield code="4">0</subfield>
    <subfield code="7">0</subfield>
    <subfield code="8">Alef-Baa</subfield>
    <subfield code="a">MAIN</subfield>
    <subfield code="b">MAIN</subfield>
    <subfield code="c">LOW</subfield>
    <subfield code="d">2010-07-21</subfield>
    <subfield code="e">purchase</subfield>
    <subfield code="o">229 &#x632; &#x631; &#x642;</subfield>
    <subfield code="p">000008863</subfield>
    <subfield code="r">2025-07-15 00:00:00</subfield>
    <subfield code="y">BB</subfield>
    <subfield code="z">&#x62C;&#x632;&#x621; 2</subfield>
  </datafield>
  <datafield tag="952" ind1=" " ind2=" ">
    <subfield code="0">0</subfield>
    <subfield code="1">0</subfield>
    <subfield code="2">ddc</subfield>
    <subfield code="4">0</subfield>
    <subfield code="7">0</subfield>
    <subfield code="8">Alef-Baa</subfield>
    <subfield code="a">MAIN</subfield>
    <subfield code="b">MAIN</subfield>
    <subfield code="c">LOW</subfield>
    <subfield code="d">2010-07-21</subfield>
    <subfield code="e">purchase</subfield>
    <subfield code="o">229 &#x632; &#x631; &#x642;</subfield>
    <subfield code="p">000008649</subfield>
    <subfield code="r">2025-07-15 00:00:00</subfield>
    <subfield code="y">BB</subfield>
    <subfield code="z">&#x62C;&#x632;&#x621; 1</subfield>
  </datafield>
</record>
